| 000 | 00728cab a2200217 4500 | ||
|---|---|---|---|
| 001 | WB2834-04 | ||
| 008 | 090401t1992 xxu||||| |||| 00| 0 eng d | ||
| 035 | _a(Sirsi) u372 | ||
| 041 | _aeng | ||
| 245 | _aBusiness property review | ||
| 260 | _c1992 | ||
| 300 | _aLOAN | ||
| 350 | _a0 | ||
| 490 |
_aBirmingham Post _v3 September 1992, 17-30(14) |
||
| 520 | _aA survey of current projects and issues in the Birmingham commercial property sector: refurbishment, business parks, the central office market, Edward Erdman`s emergence in the city, and developments in Redditch and Telford. | ||
| 650 | _aEDWARD ERDMAN | ||
| 650 | _aWEST MIDLANDS | ||
| 690 | _aPROPERTY-COMMERCIAL PROPERTY | ||
| 942 | _n0 | ||
| 948 | _c04/03/1997 | ||
| 999 |
_c144 _d144 |
||